Thiết kế máy biến áp /

Sức điện động cảm ứng. Xác định thông số máy biến áp. Máy biến áp không tải, điện áp ngắn mạch, điện kháng tản của máy biến áp. Điện trở của dây quấn. Lực ngắn mạch...

Tallennettuna:
Bibliografiset tiedot
Päätekijä: Phạm Văn Bình.
Muut tekijät: Lê Văn Doanh.
Aineistotyyppi: Kirja
Kieli:Vietnamese
Julkaistu: Hà Nội : Khoa học và kỹ thuật, 1999.
Aiheet:
Tagit: Lisää tagi
Ei tageja, Lisää ensimmäinen tagi!
Thư viện lưu trữ: Mạng thư viện Đại học Đà Nẵng
LEADER 01137cam a2200361 i 4500
001 000043117
003 992
005 20030917100537.0
008 010217b1999 vm 000 vie
020 |c 36000 
022 |a T 
040 |a IRC  |c IRC  |d IRC 
041 0 |a vie 
082 1 4 |a 621.313  |b PH-B 
100 1 |a Phạm Văn Bình. 
245 0 0 |a Thiết kế máy biến áp /  |c Phạm Văn Bình, Lê Văn Doanh. 
260 |a Hà Nội :  |b Khoa học và kỹ thuật,  |c 1999. 
300 |a 548tr. ;  |c 20,5cm. 
520 3 |a Sức điện động cảm ứng. Xác định thông số máy biến áp. Máy biến áp không tải, điện áp ngắn mạch, điện kháng tản của máy biến áp. Điện trở của dây quấn. Lực ngắn mạch... 
630 0 4 |a Điện. 
630 0 4 |a Máy biến áp. 
650 0 4 |a Máy biến áp  |x Thiết kế. 
700 1 |a Lê Văn Doanh. 
OWN |a DUT 
999 |a From the UDN01 
TYP |a Monograph 
TYP |a Printed language 
980 |a Mạng thư viện Đại học Đà Nẵng